Figli di uno stesso sesso : abbattere le barriere educative nei confronti delle famiglie omogenitoriali /

Guardat en:
Dades bibliogràfiques
Autor principal: Manzani, Silvia
Format: Llibre
Idioma:italià
Publicat: Ravenna : Fernandel, 2011
Col·lecció:Laboratorio Fernandel ; 26
Matèries:
Etiquetes: Afegir etiqueta
Sense etiquetes, Sigues el primer a etiquetar aquest registre!

MARC

LEADER 00000nam a2200000 i 4500
001 IT\ICCU\MOD\1591935
003 ItRI
005 20260214114252.0
008 111006s2011 it |||||| ||||| |||||c
015 |2 IT  |a 2011-9674 
020 |a 9788895865539 
040 |b ita  |c Arcigay Rimini  
041 7 |a ita  |2 ISO-639-2 
082 |a 306.874  |2 21 
100 1 |a Manzani, Silvia  |0 IT\ICCU\MODV\646981 
245 1 0 |a Figli di uno stesso sesso :  |b abbattere le barriere educative nei confronti delle famiglie omogenitoriali /  |c Silvia Manzani. 
260 |a Ravenna :  |b Fernandel,  |c 2011 
300 |a 159 p. ;  |c 20 cm 
650 7 |a Genitori omosessuali 
830 0 |a Laboratorio Fernandel ;  |v 26  |0 IT\ICCU\TSA\0815565 
942 |2 ddc  |c BK 
952 |0 0  |1 0  |2 ddc  |4 0  |6 306_874000000000000_MAN_FIG  |7 1  |9 2712  |a RN  |b RN  |d 2025-01-02  |l 0  |o 306.874 MAN FIG  |p 10122  |r 2025-01-02 15:16:35  |w 2025-01-02  |y BK 
952 |0 0  |1 0  |4 0  |6 DOC_306_874000000000000_MAN  |7 0  |9 21582  |a BO  |b BO  |d 2026-01-15  |i 15748  |l 0  |o DOC 306.874 MAN  |p BO15748  |r 2026-01-15 23:22:02  |w 2026-01-15  |x [Sebina 5] [1 v.]  |y BK  |z 1 v. 
999 |c 2343  |d 2343